000 00661nam a2200193 i 4500
001 121266
003 ES-MaACL
005 20230906191724.0
007 t|
008 070214s1934 sp r ||||1| spa d
100 1 _aPriego Jaramillo, Juan Manuel.
_993861
245 1 3 _aLa poda del olivo /
_cpor J. Manuel Priego.
260 _aMadrid :
_b[s. n.],
_c1934 (
_fUnión Poligráfica)
300 _a132 p., 17 lám. :
_bil. ;
_c23 cm.
500 _aPrecede al tít.: Asociación Nacional de Olivareros de España.
650 4 _aOlivos-
_xPoda.
_9163882
710 2 _aAsociación Nacional de Olivareros de España.
_91763
852 _aES-MaACL
_j1852-F-3
_bR.21421
999 _c121266
_d121266